Cẩm nang hướng dẫn nghiệp vụ công tác thư viện

Nội dung quyển Sách được sắp xếp theo trình tự thời gian và có giá trị thực tiễn, là một tài liệu thực sự cần thiết cho các cơ quan quản lý ngành thư viện, các cán bộ làm công tác thư viện....

Volledige beschrijving

Bewaard in:
Bibliografische gegevens
Formaat: Boek
Taal:Undetermined
Gepubliceerd in: Hà Nội Lao động 2009
Onderwerpen:
Tags: Voeg label toe
Geen labels, Wees de eerste die dit record labelt!
Thư viện lưu trữ: Trung tâm Học liệu Trường Đại học Cần Thơ
LEADER 00981nam a2200205Ia 4500
001 CTU_149172
008 210402s9999 xx 000 0 und d
020 |c 298000 
082 |a 025 
082 |b C120 
245 0 |a Cẩm nang hướng dẫn nghiệp vụ công tác thư viện 
245 0 |c Qúi Long, Kim Thư (sưu tầm và hệ thống hóa) 
260 |a Hà Nội 
260 |b Lao động 
260 |c 2009 
520 |a Nội dung quyển Sách được sắp xếp theo trình tự thời gian và có giá trị thực tiễn, là một tài liệu thực sự cần thiết cho các cơ quan quản lý ngành thư viện, các cán bộ làm công tác thư viện. 
650 |a Library science,Thư viện học 
650 |x Handbooks, manuals, etc.,Câu hỏi, đề thi, v.v... 
904 |i Duy Bằng 
980 |a Trung tâm Học liệu Trường Đại học Cần Thơ